Statistiques concernant Clash of Clans - Bâtiments et Pièges

Cliquez ici pour prendre le quiz!

Statistiques générales

  • Ce quiz a été pris 163 fois
    (12 depuis la dernière actualisation)
  • Le résultat moyen est 28 sur 46

Statistiques - réponses

TypesRéponses% Correct
DéfensesCanon
100%
PiègesBombe
86%
DéfensesMortier
86%
PiègesPiège à ressort
86%
DéfensesAigle artilleur
71%
PiègesBombe aérienne
71%
ArméeCamp militaire
71%
ArméeCaserne
71%
ArméeCaserne noire
71%
RessourcesExtracteur d'élixir
71%
RessourcesMine d'or
71%
DéfensesRempart
71%
DéfensesTesla camouflée
71%
DéfensesTour d'archères
71%
DéfensesTour de l'enfer
71%
DéfensesTour de sorciers
71%
ArméeUsine de sorts
71%
ArméeUsine de sorts noirs
71%
ArméeAnimalerie
57%
DéfensesArc-X
57%
PiègesBombe géante
57%
DéfensesCatapulte erratique
57%
AutresChâteau de Clan
57%
DéfensesDéfense anti-aérienne
57%
RessourcesForeuse d'élixir noir
57%
AutresHôtel de Ville
57%
ArméeLaboratoire
57%
DéfensesPropulseur d'air
57%
ArméeReine des archères
57%
RessourcesRéserve d'or
57%
RessourcesRéservoir d'élixir
57%
RessourcesRéservoir d'élixir noir
57%
ArméeRoi des barbares
57%
DéfensesTour à bombes
57%
RessourcesCabane d'ouvrier
43%
DéfensesCanon à ricochet
43%
ArméeChampionne royale
43%
ArméeForgeron
43%
ArméeGrand Gardien
43%
PiègesMine chercheuse
43%
DéfensesMonolithe
43%
PiègesPiège squelettique
43%
PiègesPiège tornade
43%
DéfensesTour runique
43%
ArméeAtelier
29%
DéfensesTour multi-archères
29%

Distribution des résultats

Percentile par nombre de réponses

% des personnes avec chaque résultat

Votre développement - résultats

Vous n’avez pas pris ce quiz depuis la dernière actualisation